<?xml version="1.0" encoding="UTF-8"?>
<record
    xmlns:xsi="http://www.w3.org/2001/XMLSchema-instance"
    xsi:schemaLocation="http://www.loc.gov/MARC21/slim http://www.loc.gov/standards/marcxml/schema/MARC21slim.xsd"
    xmlns="http://www.loc.gov/MARC21/slim">

  <leader>02800cam a22003858i 4500</leader>
  <controlfield tag="001">21497803</controlfield>
  <controlfield tag="005">20260606123351.0</controlfield>
  <controlfield tag="008">200413s2020    cau      b    000 0 eng  </controlfield>
  <datafield tag="010" ind1=" " ind2=" ">
    <subfield code="a">  2020014965</subfield>
  </datafield>
  <datafield tag="020" ind1=" " ind2=" ">
    <subfield code="a">9789353884154</subfield>
    <subfield code="q">(paperback)</subfield>
  </datafield>
  <datafield tag="020" ind1=" " ind2=" ">
    <subfield code="z">9789353884161</subfield>
    <subfield code="q">(epub)</subfield>
  </datafield>
  <datafield tag="020" ind1=" " ind2=" ">
    <subfield code="z">9789353884178</subfield>
    <subfield code="q">(ebook)</subfield>
  </datafield>
  <datafield tag="035" ind1=" " ind2=" ">
    <subfield code="a">21497803</subfield>
  </datafield>
  <datafield tag="040" ind1=" " ind2=" ">
    <subfield code="a">DLC</subfield>
    <subfield code="b">eng</subfield>
    <subfield code="e">rda</subfield>
    <subfield code="c">DLC</subfield>
  </datafield>
  <datafield tag="042" ind1=" " ind2=" ">
    <subfield code="a">pcc</subfield>
  </datafield>
  <datafield tag="050" ind1="0" ind2="0">
    <subfield code="a">HG4751</subfield>
    <subfield code="b">.K86 2020</subfield>
  </datafield>
  <datafield tag="082" ind1="0" ind2="0">
    <subfield code="a">332.04154</subfield>
    <subfield code="2">23</subfield>
  </datafield>
  <datafield tag="100" ind1="1" ind2=" ">
    <subfield code="a">Kumar, Raj,</subfield>
    <subfield code="d">1959-</subfield>
    <subfield code="e">author.</subfield>
  </datafield>
  <datafield tag="245" ind1="1" ind2="0">
    <subfield code="a">Venture capital investments /</subfield>
    <subfield code="c">Raj Kumar, Manu Sharma.</subfield>
  </datafield>
  <datafield tag="263" ind1=" " ind2=" ">
    <subfield code="a">2006</subfield>
  </datafield>
  <datafield tag="264" ind1=" " ind2="1">
    <subfield code="a">Thousand Oaks :</subfield>
    <subfield code="b">SAGE Publishing,</subfield>
    <subfield code="c">2020.</subfield>
  </datafield>
  <datafield tag="336" ind1=" " ind2=" ">
    <subfield code="a">text</subfield>
    <subfield code="b">txt</subfield>
    <subfield code="2">rdacontent</subfield>
  </datafield>
  <datafield tag="337" ind1=" " ind2=" ">
    <subfield code="a">unmediated</subfield>
    <subfield code="b">n</subfield>
    <subfield code="2">rdamedia</subfield>
  </datafield>
  <datafield tag="338" ind1=" " ind2=" ">
    <subfield code="a">volume</subfield>
    <subfield code="b">nc</subfield>
    <subfield code="2">rdacarrier</subfield>
  </datafield>
  <datafield tag="490" ind1="0" ind2=" ">
    <subfield code="a">Sage essentials</subfield>
  </datafield>
  <datafield tag="504" ind1=" " ind2=" ">
    <subfield code="a">Includes bibliographical references.</subfield>
  </datafield>
  <datafield tag="520" ind1=" " ind2=" ">
    <subfield code="a">"Venture Capital is a form of financing provided by wealthy investors, investment banks and other financial institutions to start-ups and small to medium-sized enterprises with strong growth potential in exchange of private equity stakes. These investors are also known as venture capitalists (VCs). With the rise of start-ups and small ventures, the market of VCs and the interest of people in venture capitalism are also increasing. The valuation of the firms done by the VCs at the beginning stage is not just a betting game. It is thorough research done using different strategies and computing formulas. This book gives a fundamental understanding of various aspects of venture capital covering the nature of investments, deal evaluation, valuation, structure, economics and fundraising. It begins by covering how the private market is different from the public market. The history of venture capital is discussed with the venture capital industry in the background. The authors also discuss the deal of valuation, valuation and fundraising from the perspective of a VC. Finally, the book discusses fund economics and fund structure in venture capital firms. It provides challenges a VC faces right from raising funds to evaluating a potential deal, deal evaluation and exit evaluation . The book will be a helpful read for entrepreneurs who want to get into the shoes of a VC and understand how they valuate a firm or a start-up. It will also be an informative read for the aspiring VC who is looking to enter the venture capital market"--</subfield>
    <subfield code="c">Provided by publisher.</subfield>
  </datafield>
  <datafield tag="650" ind1=" " ind2="0">
    <subfield code="a">Venture capital.</subfield>
  </datafield>
  <datafield tag="650" ind1=" " ind2="0">
    <subfield code="a">Capital investments.</subfield>
  </datafield>
  <datafield tag="700" ind1="1" ind2=" ">
    <subfield code="a">Sharma, Manu</subfield>
    <subfield code="c">(Financial researcher),</subfield>
    <subfield code="e">author.</subfield>
  </datafield>
  <datafield tag="856" ind1=" " ind2=" ">
    <subfield code="u">https://sk.sagepub.com/books/venture-capital-investments</subfield>
    <subfield code="y">Read SAGE E-Book</subfield>
  </datafield>
  <datafield tag="906" ind1=" " ind2=" ">
    <subfield code="a">7</subfield>
    <subfield code="b">cbc</subfield>
    <subfield code="c">orignew</subfield>
    <subfield code="d">1</subfield>
    <subfield code="e">ecip</subfield>
    <subfield code="f">20</subfield>
    <subfield code="g">y-gencatlg</subfield>
  </datafield>
  <datafield tag="942" ind1=" " ind2=" ">
    <subfield code="2">ddc</subfield>
    <subfield code="c">EBOOK</subfield>
  </datafield>
  <datafield tag="952" ind1=" " ind2=" ">
    <subfield code="0">0</subfield>
    <subfield code="1">0</subfield>
    <subfield code="2">ddc</subfield>
    <subfield code="4">0</subfield>
    <subfield code="7">0</subfield>
    <subfield code="8">EBOOK</subfield>
    <subfield code="a">MES</subfield>
    <subfield code="b">MES</subfield>
    <subfield code="c">OR</subfield>
    <subfield code="d">2026-06-06</subfield>
    <subfield code="l">0</subfield>
    <subfield code="o">332.04154</subfield>
    <subfield code="r">2026-06-06 12:34:37</subfield>
    <subfield code="u">https://sk.sagepub.com/books/venture-capital-investments</subfield>
    <subfield code="w">2026-06-06</subfield>
    <subfield code="y">EBOOK</subfield>
  </datafield>
  <datafield tag="999" ind1=" " ind2=" ">
    <subfield code="c">44733</subfield>
    <subfield code="d">44733</subfield>
  </datafield>
</record>
